MARC

LEADER 00000nam0a2200000 4500
001 275576
005 20231101234834.0
010 |b 2500 экз. 
035 |a (RuTPU)RU\TPU\book\298819 
090 |a 275576 
100 |a 20141114d1954 m y0rusy50 ca 
101 0 |a rus 
102 |a RU 
105 |a a z 001zy 
200 1 |a Эксплуатация судовых турбинных установок отработавшего пара  |f А. М. Аксельбанд, М. И. Лаппа 
210 |a Москва  |c Морской транспорт  |d 1954 
215 |a 146 с., [3] вкл. л.  |c ил. 
225 1 |a Библиотечка судового механика 
316 |5 63413507: М-133085  |a На титульном листе и обложке владельческая подпись: "Бутаков" 
317 |5 63413507: М-133085  |a Поступила в НТБ в 1970 г. в составе книжного собрания профессора ТПИ И. Н. Бутакова 
320 |a Приложения: с. 142-146 
606 1 |a Буксиры  |2 stltpush  |3 (RuTPU)RU\TPU\subj\30186  |9 53327 
610 1 |a судовые турбины 
610 1 |a судовые паросиловые установки 
610 1 |a комбинированные установки 
610 1 |a эксплуатация 
610 1 |a конструкции 
610 1 |a владельческая надпись 
610 1 |a библиотека И. Н. Бутакова 
675 |a 629.124  |v 3 
675 |a 09  |v 3 
700 1 |a Аксельбанд  |b А. М.  |g Аба Мошкович 
701 1 |a Лаппа  |b М. И.  |g Михаил Иванович 
801 1 |a RU  |b 63413507  |c 20141114 
801 2 |a RU  |b 63413507  |c 20190909  |g RCR 
942 |c BK